000 01330nam a2200361 i 4500
001 768714001
003 CO-MdFUSB
005 20231024163218.0
007 ta
008 050527t2005 -us g bd 001 | eng
020 _a0801026946
040 _aDLC
_cCO-MdFUSB
_dCO-MdFUSB
_bspa
_erda
041 _aeng
082 _223
_a220.3
_bV256
245 _aDictionary for theological interpretation of the Bible
_c/ Editado por Kevin J. Vanhoozer, Craig G. Bartholomew, Daniel J. Treier, & N.T. Wright
264 1 _aGrand Rapids, Michigan :
_bBaker Academic,
_c[2005]
264 4 _c©2005
300 _a896 páginas ;
_c26 cm
336 _atexto
_btxt
_2rdacontent.
337 _asin mediación
_bn
_2rdamedia.
338 _avolumen
_bnc
_2rdacarrier.
505 _aLista de Colaboradores -- Lista de abreviaciones -- Introducción -- Artículos de diccionario -- Lista de artículos por categoría -- Índice temático -- Índice de las Escrituras.
563 _aTapa dura
650 7 _2embne
_97333
_aHermenéutica bíblica
650 7 _9320
_aTeología bíblica
_vDiccionarios,
650 7 _9423
_aEnciclopedias y diccionarios
700 1 _aBartholomew, Craig G.,
_eeditor
700 1 _aTreier, Daniel J.,
_eeditor
700 1 _aWright, N. T.
_eeditor
942 _cBK
945 _aMag1104
999 _c68731
_d68731